| 000 | 00725nam a22001817a 4500 | ||
|---|---|---|---|
| 008 | 160310b xxu||||| |||| 00| 0 eng d | ||
| 020 | _a9789719919643 | ||
| 082 |
_22014 _aDFil 657.835 _bP96p |
||
| 100 |
_93591 _aPunzalan, Angelito R. |
||
| 245 |
_aProcedural and comprehensive approach in government accounting (for accounting students and CPA examinees): _bNew government accounting system (NGAS): Unified accounts code structures ( UACS)/ _cAngelito R. Punzalan |
||
| 250 | _a2014 Edition | ||
| 260 |
_aManila: _bGIC Enterprises & Co., Inc., _cc2014. |
||
| 300 |
_a352 pages: _billustrations; _c23.8 cm. |
||
| 650 | 0 |
_93592 _aAccounting |
|
| 700 |
_93593 _aCardona, Milagros M. |
||
| 365 |
_b695.00 _cPhp. |
||
| 942 |
_2ddc _cBK |
||
| 999 |
_c1246 _d1246 |
||